Cuentos chilenos para los niños del mundo

Spremljeno u:
Bibliografski detalji
Format: Knjiga
Jezik:španjolski
Izdano: Santiago Universitaria 1992
Serija:Colección V Centenario
Teme:
Oznake: Dodaj oznaku
Bez oznaka, Budi prvi tko označuje ovaj zapis!

MARC

LEADER 00000nam a2200000 a 4500
001 UCY0493
003 CL-VaPUC
008 940803e19920000CL |||||||||||||||||spa|d
082 0 4 |a Ch863  |b CUE  |2 21 
245 1 0 |a Cuentos chilenos para los niños del mundo 
300 |a 146 p 
942 |c BK 
945 |d 19940803 00:00:00  |a oaravena 
260 |a Santiago  |b Universitaria  |c 1992 
650 0 |a Cuentos infantiles chilenos   |9 308784 
583 |a last modification  |c 19940803 00:00:00  |k Rodrigo Vera 
490 0 |a Colección V Centenario 
999 |c 229484  |d 229482 
952 |0 0  |1 0  |4 0  |6 CH_863_000000000000000_CUE_1992  |7 0  |8 A  |9 230678  |a BIBEDU  |b BIBEDU  |d 2019-11-15  |i 2999633  |o Ch863 CUE 1992  |p 2999633  |r 2019-11-15  |w 2019-11-15  |y BK  |k EPE